| 000 -ლიდერი |
| ფიქსირებული სიგრძის საკონტროლო ველი |
01909nam a22002537a 4500 |
| 003 - საკონტროლო ნომრის იდენტიფიკატორი |
| საკონტროლო ველი |
Ge_BSU |
| 005 - ბოლო ოპერაციის თარიღი და დრო |
| საკონტროლო ველი |
20240109144718.0 |
| 008 - ფიქსირებული სიგრძის მონაცემთა ელემენტები - ზოგადი ინფორმაცია |
| ფიქსირებული სიგრძის საკონტროლო ველი |
240109s2022ge xxu||||| |||| 00| 0 geo d |
| 020 ## - წიგნის საერთაშორისო სტანდარტული ნომერი |
| International Standard Book Number |
9789941964756 |
| 041 ## - ენის კოდი |
| Language code of text/sound track or separate title |
geo |
| 080 ## - უნივერსალური ათობითი კლასიფიკაციის ინდექსი |
| Universal Decimal Classification number |
341.215.4 ხ-25 |
| 100 ## - მთავარი ჩანაწერი - პიროვნების სახელი |
| Personal name |
ხარიტონაშვილი, ნინო, ავტორი. |
| 9 (RLIN) |
20986 |
| 245 ## - ცნობა სათაურის შესახებ |
| Title |
შედარებითი სამოქალაქო პროცესი / |
| Statement of responsibility, etc |
ნინო ხარიტონაშვილი ; რედ: შალვა ქურდაძე ; ენობრივი რედაქტორი ხათუნა ახობაძე. |
| 264 ## - წარმოების, გამოცემის, დისტრიბუციის და სხვა ცნობები |
| გამოცემის, წარმოების, დისტრიბუციის... ადგილი |
თბილისი : |
| გამოცემის, წარმოების, დისტრიბუციის... სახელწოდება |
ბონა კაუზა, |
| გამოცემის, წარმოების, დისტრიბუციის... თარიღი |
2022. |
| 300 ## - ფიზიკური აღწერა |
| Extent |
200 გვ. ; |
| Other physical details |
21 სმ. |
| 440 ## - სერიის ცნობა / დამატებულია ჩანაწერი - სათაური |
| Title |
იურისტის ბიბლიოთეკა |
| 9 (RLIN) |
137 |
| 500 ## - ზოგადი შენიშვნა |
| General note |
წიგნში აგრეთვე: ALI/UNIDROIT საერთაშორისო სამოქალაქო საპროცესო პრინციპები და წესები, შემუშავებული ამერიკული სამართლის ინსტიტუტისა (ALI) და კერძო სამართლის უნიფიკაციის საერთაშორისო ინსტიტუტის (UNIDROIT) მიერ (გვ. 6-52). |
| 504 ## - BIBLIOGRAPHY, ETC. NOTE |
| Bibliography, etc |
ბიბლიოგრაფია ტექსტის შენიშვნებში. |
| 653 ## - INDEX TERM--UNCONTROLLED |
| Uncontrolled term |
საერთაშორისო სამოქალაქო სამართალი. |
| 653 ## - INDEX TERM--UNCONTROLLED |
| Uncontrolled term |
სამართალი |
| 700 ## - ADDED ENTRY--PERSONAL NAME |
| Personal name |
ქურდაძე, შალვა |
| Relator term |
რედაქტორი |
| 9 (RLIN) |
20987 |
| 700 ## - ADDED ENTRY--PERSONAL NAME |
| Personal name |
ახობაძე, ხათუნა |
| Relator term |
ენობრივი რედაქტორი |
| 9 (RLIN) |
20988 |
| 942 ## - ADDED ENTRY ELEMENTS (KOHA) |
| Source of classification or shelving scheme |
|
| Koha item type |
წიგნი |